| 000 | 02164cam a2200469 i 4500 | ||
|---|---|---|---|
| 001 | 200468124 | ||
| 003 | TR-AnTOB | ||
| 005 | 20260415143054.0 | ||
| 007 | ta | ||
| 008 | 260415s1974 nyu 000 d eng d | ||
| 035 | _a(CU_SB)990017529670203776-01ucsb_inst | ||
| 035 | _a990017529670203776 | ||
| 035 | _a(CLU)484800-ucladb-Voyager | ||
| 035 | _a(CLU)6110738-ucladb-Voyager | ||
| 035 |
_a(OCoLC)04692000 _z(OCoLC)1800648 _z(OCoLC)5911069 _z(OCoLC)13273368 _z(OCoLC)24008399 _z(OCoLC)273922030 _z(OCoLC)317078823 _z(OCoLC)883840728 _z(OCoLC)987389066 _z(OCoLC)989348413 _z(OCoLC)1030737556 _z(OCoLC)1156759665 _z(OCoLC)1327887398 |
||
| 035 | _a(OCoLC)ocm04692000 | ||
| 035 | _a(EXLNZ-01UCS_NETWORK)9914760699306531 | ||
| 035 | _a(TR-AnTOB)200468124 | ||
| 040 |
_aKSU _beng _erda _cKSU _dOCLCQ _dNLGGC _dNSB _dOCLCG _dTBS _dOCLCQ _dBEN _dOCLCQ _dJBR _dGFK _dECL _dOCLCF _dOCLCO _dOCLCQ _dRCT _dOCLCQ _dOCL _dOCLCO _dWAU _dOCLCO _dOCLCA _dUAB _dOKX _dDVR _dOCLCO _dTYC _dOCLCO _dOCLCQ _dOCLCO _dOCLCL _dOCLCQ _dUUS _dOCLCL _dTR-AnTOB |
||
| 041 | 0 | _aeng | |
| 043 | _an-usn-- | ||
| 050 | 4 |
_aPS3551.L25 _bW4 1974 |
|
| 090 |
_aPS3551.L25 _bW4 1974 |
||
| 100 | 1 |
_aAlbee, Edward, _d1928-2016 _eauthor _4aut _9153674 |
|
| 245 | 1 | 0 |
_aWho's afraid of Virginia Woolf? : _ba play / _cby Edward Albee. |
| 264 | 1 |
_aNew York : _bPocket Books, _c1974. |
|
| 300 |
_a6 preliminary leaves, [3]-242 pages, 2 leaves ; _c18 cm |
||
| 336 |
_atext _btxt _2rdacontent |
||
| 337 |
_aunmediated _bn _2rdamedia |
||
| 338 |
_avolume _bnc _2rdacarrier |
||
| 380 | _aDrama | ||
| 500 | _a"A Giant Cardinal edition, 1st printing, GC 786." | ||
| 520 | _aYou are cordially invited to George and Martha's for an evening of fun and games. By dawn tomorrow, you may feel like you've spent the night in a blast furnace. | ||
| 650 | 0 |
_aMarried people _vDrama _95363 |
|
| 650 | 0 |
_aCollege teachers _vDrama _9153675 |
|
| 651 | 0 |
_aNew England _vDrama _9153676 |
|
| 655 | 7 |
_aDomestic drama _2lcgft _0http://id.loc.gov/authorities/genreForms/gf2014026294 _9153677 |
|
| 655 | 7 |
_aDrama _2lcgft _0http://id.loc.gov/authorities/genreForms/gf2014026297 _9153046 |
|
| 942 |
_2lcc _cBK |
||
| 999 |
_c200468124 _d86336 |
||